00815 2200289 4500001002100000005001500021035002000036007000300056020002200059040002200081082001200103084001400115090002200129100003300151245005200184250003200236300005400268650001200322850001200334504002900346264003200375336002100407337003000428338002300458999002200481990002200503INLIS00000000089668320250605021024 a0010-0625000054ta a978-623-02-5303-4 aYOPDYOGbinderda04223a330 a330 SRI e aCB-D.11 2024-56780 aSri Suro AdhawatiePengarang1 aEkonomi :bSuatu Pengantar /cSri Suro Adhawati aCetakan Kedua: Januari 2024 ax, 110 halaman :btabel, gambar berwarna ;c23 cm 4aEkonomi aYOPDYOG aBibliografi: halaman 10831aSleman :bDeepublish,c2024 2rdacontentateks 2rdamediaatanpa perantara 2rdacarrieravolume aCB-D.11/2025-5678 aCB-D.11/2024-5678